000 00569 a2200193 4500
001 63715
005 20260407155935.0
008 260407a1960 arg spa d
003 AR-UNSa-BCEJYS
040 _aAR-UNSa-BCEJYS
_bspa
_cAR-UNSa-BCEJYS
080 _a651
_xOrganización de oficinas. Técnicas de trabajo en las oficinas
245 1 0 _aLa automatización de oficinas
264 1 _aBarcelona :
_bEdiciones Omega
_c1960
300 _a332 p.
_c22 cm.
041 _aspa
942 _cBK
590 _aniveau_biblio:m niveau_hierar:0
100 1 _aFairbanks, Ralph W.
999 _c8275
_d8275